000 00545nam a22001817a 4500
008 150529b xxu||||| |||| 00| 0 eng d
020 _a9780071592819
041 0 _aeng
080 _a339
100 1 _aEl-Erian, Mohamed A.,
245 1 0 _aWhen markets collide :
_cMohamed A. El-Erian.
260 _aNew York :
_bMcGraw-Hill,
_cc2008.
300 _a344 f. :
_bme il.;
_c24 cm.
500 _aPreface: f.vii-xiii
650 0 _aTregu
650 0 _aMenaxhimi i riskut
942 _2udc
_cBK
999 _c926
_d926